A-005 文京区の町名 - Statistics

General Stats
  • This quiz has been taken 19 times
  • The average score is 11 of 19
Answers on the Map
Answers color-coded by a green-red scale on the quiz's map according to % correct below.
 
Answer Stats
Answer % Correct
15.本駒込ほんこまごめ
83%
10.千駄木せんだぎ
78%
19.湯島ゆしま
78%
01.大塚おおつか
72%
02.音羽おとわ
72%
14.本郷ほんごう
67%
04.小石川こいしかわ
61%
09.千石せんごく
61%
13.白山はくさん
61%
17.目白台めじろだい
61%
03.春日かすが
56%
05.後楽こうらく
56%
07.水道すいどう
56%
11.西片にしかた
50%
12.根津ねづ
50%
08.関口せきぐち
44%
16.向丘むこうがおか
44%
18.弥生やよい
44%
06.小日向こひなた
33%
No matching quizzes found
Score Distribution
Percent of People with Each Score
Percentile by Number Answered
Your Score History
You have not taken this quiz